| 000 | 00454nam a22001577u 4500 | ||
|---|---|---|---|
| 008 | 130405s2008 xxu||||| |||| 00| 0 fre d | ||
| 020 | _a9782204086899 | ||
| 041 | _afre | ||
| 100 | 1 |
_aDelorme, Jean _910467 |
|
| 245 | 0 | 0 |
_aL'heureuse annonce selon Marc _b:Lecture intégrale du d évangile II _cJean Delorme |
| 260 |
_aParís: _bDu Cerf, _c2008 |
||
| 300 |
_a613 p. _c;21 cm. |
||
| 630 | 0 | 4 |
_aBiblia _pN.T. _pEvangelios _913405 |
| 942 | _cBK | ||
| 001 | 83845 | ||
| 999 |
_c234404 _d234404 |
||